[Event "BC jun"]
[Site "Burnaby"]
[Date "2024.11.17"]
[Round "5.5"]
[White "Chen, Zhengyu"]
[Black "Mok, Erwin Jun-Han"]
[Result "1/2-1/2"]
[WhiteElo "1554"]
[BlackElo "1937"]
[EventType "swiss"]
[EventRounds "5"]
[EventCountry "CAN"]

1. e4 e6 2. d4 d5 3. Bd3 dxe4 4. Bxe4 Nf6 5. Bf3 c5 6. Ne2 Nc6 7. Be3 Qb6 8.
Nbc3 cxd4 9. Nxd4 Qxb2 10. Ndb5 Bb4 11. Rb1 Bxc3+ 12. Kf1 Qxa2 13. Bxc6+ Nd7
14. Bxd7+ Bxd7 15. Nxc3 Qc4+ 16. Qd3 Rc8 17. Qxc4 Rxc4 18. Nb5 {#d} 1/2-1/2